000 00813nam a2200277Ia 4500
003 OSt
005 20221007064447.0
006 a|||||r|||| 00| 0
007 ta
008 221006b |||||||| |||| 00| 0 eng d
020 _a9789381308639
024 _a45,592
037 _cTextual
040 _aFLL
_cFLL
_beng
041 _2eng
_aeng
082 _aF56:(Z2).N85, Q7.1
100 _aIYER.s Au.
_9685819
245 0 _aIyer's comprehensive classic on the narcotic drugs and psychotropic substances act, 1985
250 _a3rd
260 _aDelhi
_bDelhi Law House India
_c2017
300 _axcvii,1030p.
_ccm.
490 _vVolume - 1
500 _aRevised By R. M. Tufail and S.K.P. Sriniwas
942 _hF56:(Z2).N85, Q7.1
_cTEXL
_2CC
999 _c1134151
_d1134151